Justine: roman

Primera novela del cuarteto de Alejandría, donde se inicia la historia de un escritor solitario que vive solamente con su hija ilegítima. Allí se nos relata la historia del trágico romance del narrador en su tiempo en Alejandría con una mujer llamada Justine, quien está casada con un amigo del prota...

Descrizione completa

Salvato in:
Dettagli Bibliografici
Autore principale: Durrell, Lawrence
Natura: Libro
Lingua:Undetermined
Pubblicazione: París, Francia Correa, Buchet - Chastel 1957
Soggetti:
Tags: Aggiungi Tag
Nessun Tag, puoi essere il primo ad aggiungerne!!

MARC

LEADER 00000nam a2200000Ia 4500
008 170316s9999 xx 000 0 und d
040 |a cru BVZT 
090 |a 820 D-13j 
100 |a Durrell, Lawrence 
245 |a Justine: roman 
260 |a París, Francia 
260 |b Correa, Buchet - Chastel 
260 |c 1957 
300 |a 281 páginas 
520 |a Primera novela del cuarteto de Alejandría, donde se inicia la historia de un escritor solitario que vive solamente con su hija ilegítima. Allí se nos relata la historia del trágico romance del narrador en su tiempo en Alejandría con una mujer llamada Justine, quien está casada con un amigo del protagonista. 
650 |a LITERATURA FRANCESA  |9 109 
650 |a NOVELA  |9 13 
999 |c 6837  |d 6837 
942 |c 15 D  |h 820 D-13j  |2 z